| 000 | 01771nam0a2200313 4500 | ||
|---|---|---|---|
| 001 | RU\NLR\bibl\1881521 | ||
| 005 | 20250616193916.0 | ||
| 010 |
_a978-5-9552-0396-6 _980 |
||
| 021 |
_aRU _b2012-13544 _91019 |
||
| 035 | _a(NLR Aleph) 001871288 | ||
| 090 |
_a2664909 _c2664909 |
||
| 100 | _a20120319d2011 |||y0rusy50 ca | ||
| 101 | 0 | _arus | |
| 102 | _aRU | ||
| 105 | _aa ||||||||| | ||
| 200 | 1 |
_aМеждународное сотрудничество образовательных учреждений органов внутренних дел Российской Федерации (организациооно-экономические аспекты) _eмонография _fС.В. Ткаченко _gМВД России, Федерал. гос. образоват. учреждение доп. проф. образования "Всерос. ин-т повышения квалификации сотрудников МВД России", Центр изуч. пробл. доп. проф. образования |
|
| 210 |
_aДомодедово _cВИПК МВД России _d2011 |
||
| 215 |
_a134 с. _cил. _d21 |
||
| 300 | _aВ вып. дан. авт.: Ткаченко С.В. - к.э.н. | ||
| 320 | _aБиблиогр.: с. 123-134 (213 назв.) и в подстроч. примеч. | ||
| 606 | 1 |
_aВысшие учебные заведения МВД Российской Федерации _xМеждународное сотрудничество _92122995 _3RU\NLR\auth\661585476 |
|
| 686 | _aХ621.163.01 | ||
| 686 | _aЧ489.44(2Р)ж | ||
| 700 | 1 |
_aТкаченко _bС. В. _gСветлана Владимировна _4070 |
|
| 801 | 0 |
_aRU _bNLR _c20120319 _gRCR |
|
| 801 | 1 |
_aRU _bNLR _c20120319 |
|
| 942 | _cBOOK | ||
| 980 | _aNB | ||
| 980 | _aNBR | ||